|
|
|
|
| LEADER |
00000nab a2200000 a 4500 |
| 001 |
vtls001023615 |
| 003 |
SK-MaSNL |
| 005 |
20260305033226.0 |
| 008 |
040720e19970402xo 0 slo |
| 035 |
|
|
|a SL2191
|
| 040 |
|
|
|a SLLK
|b slo
|c SLLK
|e AACR2
|
| 041 |
0 |
|
|a slo
|
| 044 |
|
|
|a xo
|c SK
|
| 080 |
|
|
|a 625.7/.8
|2 1981
|
| 245 |
0 |
0 |
|a Na Spiši odhŕňali sneh
|b značenie ciest brzdí počasie
|c [autor] (ry)
|
| 650 |
0 |
7 |
|a cesty
|2 SLLK
|9 25096
|
| 650 |
0 |
7 |
|a vodorovné dopravné značenie
|2 SLLK
|9 1613479
|
| 651 |
|
7 |
|a Stará Ľubovňa (Slovensko : okres)
|2 SLLK
|9 19196
|
| 773 |
0 |
8 |
|t Lúč - Východoslovenské noviny
|g Roč. 6, č. 75, 2.4.1997, s. 1
|
| 852 |
|
|
|a ZVYKNI
|b KIS3GCP
|
| 999 |
|
|
|c 3323391
|d 3325321
|